Statistics for Three biggest cities by district of Luxembourg

Click here to take the quiz!

General Stats

  • This quiz has been taken 2 times
  • The average score is 4 of 9

Answer Stats

PopulationCity% Correct
7.200Diekirch
100%
5.103Grevenmacher
100%
130.281Luxembourg
100%
36.325Esch-sur-Alzette
50%
21.876Dudelange
0%
5.852Echternach
0%
7.983Ettelbruck
0%
4.315Mondorf-les-Bains
0%
5.639Wiltz
0%

Score Distribution

Percentile by Number Answered

Percent of People with Each Score

Your Score History

You have not taken this quiz